TV Guide Covers of 1980 Quiz Stats

Quiz Updated Aug 11, 2015

Challenge
Share
Tweet
Score 0/30 Timer 08:00
1 Play Today
% Correct
Magnum, P.I.
93.6%
The Jeffersons
92.4%
Dallas
89.6%
The Dukes of Hazzard
87.3%
The Love Boat
87.3%
Mork And Mindy
86.9%
Little House On The Prairie
86.9%
Diff'rent Strokes
86.8%
CHiPs
86.1%
Fantasy Island
84.7%
Monday Night Football
82.1%
Taxi
81.5%
M*A*S*H
80.1%
Alice
67.9%
Hart To Hart
60.2%
% Correct
Barney Miller
60.1%
Lou Grant
59.8%
Soap
58.7%
One Day At A Time
57.1%
General Hospital
56.7%
Cosmos
48.8%
Trapper John, M.D.
47.7%
Archie Bunker's Place
45.7%
Shogun
45%
Family
38.5%
Barnaby Jones
35.9%
Knots Landing
35.8%
Vega$
30.4%
The Misadventures of Sheriff Lobo
17.4%
United States
3.6%

You're not logged in!

Compare scores with friends on all Sporcle quizzes.
Sign Up with Email
OR
Log In

You Might Also Like...

Show Comments

Extras

Top Quizzes Today


Score Distribution

Your Account Isn't Verified!

In order to create a playlist on Sporcle, you need to verify the email address you used during registration. Go to your Sporcle Settings to finish the process.

Report this User

Report this user for behavior that violates our Community Guidelines.

Details: